Arabidopsis protocols / (Record no. 18762)

000 -LEADER
fixed length control field 00855cam a22002774a 4500
020 ## - INTERNATIONAL STANDARD BOOK NUMBER
ISBN 1588293955 (alk. paper)
020 ## - INTERNATIONAL STANDARD BOOK NUMBER
ISBN 1597450030 (eISBN)
020 ## - INTERNATIONAL STANDARD BOOK NUMBER
ISBN 9781588293954
040 ## - CATALOGING SOURCE
Transcribing agency DLC
082 00 - DEWEY DECIMAL CLASSIFICATION NUMBER
Classification number 583 HMP 2006 C152 Or.
245 00 - TITLE STATEMENT
Title Arabidopsis protocols /
250 ## - EDITION STATEMENT
Edition statement 2nd ed.
260 ## - PUBLICATION, DISTRIBUTION, ETC. (IMPRINT)
Place of publication Totowa, N.J. :
Name of publisher Humana Press,
Year of publication c2006.
300 ## - PHYSICAL DESCRIPTION
Number of Pages xv, 469 p., 6 p. of plates :
Other physical details ill. (some col.) ;
Dimensions 27 cm.
490 1# - SERIES STATEMENT
Series statement Methods in molecular biology ;
650 #0 - SUBJECT ADDED ENTRY--TOPICAL TERM
Topical Term Arabidopsis
650 #0 - SUBJECT ADDED ENTRY--TOPICAL TERM
Topical Term Arabidopsis
650 12 - SUBJECT ADDED ENTRY--TOPICAL TERM
Topical Term Arabidopsis
650 12 - SUBJECT ADDED ENTRY--TOPICAL TERM
Topical Term Plant Preparations
650 22 - SUBJECT ADDED ENTRY--TOPICAL TERM
Topical Term Plant Components
700 1# - ADDED ENTRY--PERSONAL NAME
Personal name Salinas, Julio.
700 1# - ADDED ENTRY--PERSONAL NAME
Personal name Sánchez-Serrano, Jose J.
856 41 - ELECTRONIC LOCATION AND ACCESS
Uniform Resource Identifier http://www.loc.gov/catdir/toc/ecip0514/2005016343.html
856 42 - ELECTRONIC LOCATION AND ACCESS
Uniform Resource Identifier http://www.loc.gov/catdir/enhancements/fy0826/2005016343-d.html
942 ## - ADDED ENTRY ELEMENTS (KOHA)
Koha item type ADB
952 ## - LOCATION AND ITEM INFORMATION (KOHA)
Withdrawn status [LOCAL, KOHA] 0
Holdings
Koha item type Source of acquisition Lost status Permanent Location Current Location Date acquired Full call number
សៀវភៅភាសាអង់គ្លេសA39139 Library Block CLibrary Block C2020-01-21583 HMP 2006 C152 Or.
មជ្ឈមណ្ឌលឯការនៃសាកលវិទ្យាល័យភូមិន្ទកសិកម្មចំការដូង

Powered by Koha